War Movies - Sudden Death - Statistics

General Stats
  • This quiz has been taken 1,076 times
  • The average score is 15 of 18
Answers on the Grid
Answers color-coded by a green-red scale on the quiz's grid according to % correct below.
1917
8 Mile
Alien
All Quiet on the Western Front
American Psycho
Apocalypse Now
Back to the Future
Barbie
Casablanca
Cold Mountain
Das Boot
Dunkirk
Field of Lost Shoes
Glory
Gods and Generals
Hacksaw Ridge
Inglourious Basterds
Jaws
Lincoln
Mary Poppins
Mean Girls
Rocky
Schindler’s List
The Bridge on the River Kwai
The Dark Knight
The Deer Hunter
The Dirty Dozen
The English Patient
The Karate Kid
The Wolf of Wall Street
 
Answer Stats
Answer % Correct
1917
97%
All Quiet on the Western Front
93%
Dunkirk
91%
Schindler’s List
91%
Hacksaw Ridge
87%
Inglourious Basterds
87%
The Bridge on the River Kwai
85%
Apocalypse Now
84%
Gods and Generals
82%
Das Boot
81%
Glory
80%
Field of Lost Shoes
78%
Casablanca
77%
The Dirty Dozen
76%
The English Patient
76%
Lincoln
75%
The Deer Hunter
75%
Cold Mountain
73%
No matching quizzes found
Score Distribution
Percent of People with Each Score
Percentile by Number Answered
Your Score History
You have not taken this quiz